[Event "Yerevan ol (Men)"]
[Site "Yerevan"]
[Date "1996.??.??"]
[Round "9"]
[White "Strikovic, Aleksa"]
[Black "Dautov, Rustem"]
[Result "1-0"]
[WhiteElo "2550"]
[BlackElo "2615"]
[PlyCount "177"]
[EventDate "1996.09.??"]
[Source "www.chesslib.no"]
[SourceDate "2004.05.04"]

1. e4 c6 2. Nc3 d5 3. Nf3 Bg4 4. h3 Bxf3 5. Qxf3 Nf6 6. d3 e6 7. Be2 Nbd7 8. Qg3 g6 9. O-O Qb8 10. Bf4 e5 11. Bg5 d4 12. Nb1 h6 13. Bd2 h5 14. f4 h4 15. Qf2 Bd6 16. fxe5 Bxe5 17. Bg5 Bg3 18. Qxd4 Be5 19. Qb4 a5 20. Qa3 Bd6 21. Qc3 Be5 22. Qe1 Bxb2 23. Nd2 Qg3 24. Nf3 Nh5 25. Bxh4 Qxe1 26. Raxe1 Bc3 27. Rb1 Nf4 28. Bd1 b5 29. Bf2 Ne6 30. Be1 Bg7 31. c3 O-O 32. d4 Nb6 33. a4 b4 34. e5 Nd5 35. cxb4 axb4 36. Bb3 Rfd8 37. Bxd5 Rxd5 38. Rxb4 Bf8 39. Rc4 c5 40. dxc5 Rxc5 41. Re4 Rc2 42. a5 Ra2 43. Bd2 Rd8 44. Be3 Rxa5 45. Bb6 Bc5+ 46. Bxc5 Rxc5 47. h4 Rc2 48. Rg4 Kf8 49. Rxg6 fxg6 50. Nd4+ Ke7 51. Nxc2 g5 52. Ne3 gxh4 53. Nf5+ Ke8 54. Nxh4 Rd5 55. Ng6 Rd2 56. Rf6 Kd7 57. Kh2 Ng5 58. Ra6 Re2 59. Kg3 Re4 60. Rd6+ Ke8 61. Rf6 Kd7 62. Rf5 Ne6 63. Kh3 Ra4 64. g3 Ra8 65. Nf4 Rh8+ 66. Kg2 Rh6 67. Rf7+ Ke8 68. Ra7 Ng5 69. g4 Kf8 70. Kg3 Rb6 71. Ra3 Kg7 72. Kh4 Kh6 73. Re3 Rb7 74. Rd3 Nf7 75. g5+ Kg7 76. e6 Ne5 77. Rd5 Ng6+ 78. Nxg6 Kxg6 79. Re5 Re7 80. Kg3 Kg7 81. Kf4 Kf8 82. Kf5 Ra7 83. Kf6 Rf7+ 84. Kg6 Ra7 85. Rf5+ Kg8 86. Rd5 Ra8 87. Kh6 Re8 88. g6 Kh8 89. e7 1-0

[Event "IND-ROW m"]
[Site "Bali"]
[Date "1999.05.08"]
[Round "7"]
[White "Torre, Eugenio"]
[Black "Adianto, Utut"]
[Result "1-0"]
[WhiteElo "2557"]
[BlackElo "2607"]
[PlyCount "109"]
[EventDate "1999.05.??"]
[Source "ChessBase"]
[SourceDate "1999.08.01"]

1. e4 c6 2. Nc3 d5 3. Nf3 Bg4 4. h3 Bxf3 5. Qxf3 e6 6. Qg3 Nf6 7. d3 Nbd7 8. Be2 Bb4 9. e5 Nxe5 10. Qxe5 d4 11. Bd2 dxc3 12. Bxc3 Bxc3+ 13. Qxc3 O-O 14. O-O e5 15. Bf3 Re8 16. Rfe1 Qd6 17. Re2 Re7 18. Rae1 Rae8 19. g3 g6 20. Bg2 Kg7 21. a3 h5 22. h4 Nd5 23. Qc4 f5 24. b4 a6 25. Qb3 Nf6 26. Qb2 Ng4 27. a4 Qf6 28. Bh3 Nh6 29. b5 cxb5 30. axb5 axb5 31. Qxb5 Nf7 32. Qb4 e4 33. Bg2 Ne5 34. Qd2 Rf7 35. Qf4 Nc6 36. dxe4 Nd4 37. Rd2 Ne6 38. e5 Qe7 39. Qc4 f4 40. Rd6 fxg3 41. fxg3 Nf8 42. Qd4 Ne6 43. Qb6 Nf8 44. Rf6 Kh7 45. Rxf7+ Qxf7 46. Qxb7 Re7 47. Qe4 Qe6 48. Qb4 Re8 49. Kh2 Qf5 50. Rf1 Qc8 51. Rf7+ Kg8 52. Bd5 Ne6 53. Rf6 Qxc2+ 54. Kh3 Kh7 55. Bxe6 1-0

[Event "Tbilisi"]
[Site "Tbilisi GEO"]
[Date "1986.??.??"]
[Round "?"]
[White "Romanishin, Oleg M"]
[Black "Tal, Mikhail N"]
[Result "1/2-1/2"]
[WhiteElo "2560"]
[BlackElo "2600"]
[PlyCount "34"]
[EventDate "1986.11.??"]
[Source "www.chesslib.no"]
[SourceDate "2004.05.04"]

1. e4 c6 2. Nc3 d5 3. Nf3 Bg4 4. h3 Bh5 5. Be2 e6 6. O-O dxe4 7. Nxe4 Nd7 8. b4 Bg6 9. d3 Ngf6 10. Nxf6+ Nxf6 11. Rb1 Qc7 12. c4 Bd6 13. Bb2 O-O 14. Nh4 Rfd8 15. Nxg6 hxg6 16. Qa4 Bh2+ 17. Kh1 Be5 1/2-1/2

[Event "Campionato europeo 2007"]
[Site "Dresda GER"]
[Date "2007.04.06"]
[Round "4.46"]
[White "Petrik, Tomas"]
[Black "Sakaev, Konstantin"]
[Result "1/2-1/2"]
[WhiteElo "2522"]
[BlackElo "2633"]
[PlyCount "203"]
[EventDate "2007.04.03"]
[Source "www.chesslib.no"]
[SourceDate "2004.05.04"]

1. e4 c6 2. Nf3 d5 3. Nc3 Bg4 4. h3 Bxf3 5. Qxf3 e6 6. g3 g6 7. Bg2 Bg7 8. O-O Ne7 9. d3 O-O 10. Bf4 Nd7 11. Rad1 d4 12. Nb1 a5 13. Qe2 a4 14. Bc1 b5 15. f4 Rc8 16. Kh1 c5 17. g4 Qb6 18. Nd2 e5 19. f5 g5 20. h4 h6 21. Kh2 f6 22. Rh1 Nc6 23. Nf3 Nd8 24. Kg3 Nf7 25. c4 bxc4 26. dxc4 Rb8 27. Qc2 Qc6 28. Bf1 Rb4 29. Bd3 Rfb8 30. Rh3 Kf8 31. Rdh1 Ke8 32. R3h2 Bf8 33. Rh3 R8b7 34. Qh2 R4b6 35. Qc2 Nb8 36. Qd1 Ra7 37. Bc2 Rb4 38. Re1 Qa6 39. Bd3 Nc6 40. Rh2 Rb6 41. Qe2 Nb4 42. Bb1 Rd7 43. Qd1 Rb8 44. a3 Nc6 45. Bc2 Ra7 46. Qd3 Rb6 47. Ree2 Kd8 48. Re1 Kc8 49. Ree2 Ncd8 50. hxg5 fxg5 51. b3 axb3 52. Bxb3 Nb7 53. Ba2 Nbd6 54. Rh5 Qa4 55. Rhh2 Qa6 56. Rc2 Qb7 57. Rhe2 Qa6 58. Ne1 Ne8 59. Qf3 Nf6 60. Nd3 Rab7 61. Nf2 Qa4 62. Nd3 Kd8 63. Nb2 Qc6 64. Nd3 Ke8 65. Kg2 Be7 66. Bd2 Kf8 67. Bc1 Kg7 68. Kg3 Bd6 69. Kg2 Rb8 70. Kg3 R6b7 71. Nf2 Bc7 72. Nd3 Ba5 73. Bb2 Re8 74. Kg2 Bc7 75. Bc1 Ra8 76. Nf2 Rba7 77. Nd3 Ra5 78. Kf1 R5a7 79. Kg2 Rb8 80. Kf1 Rab7 81. Kg2 Ba5 82. Bb2 Qc7 83. Kf1 Ra7 84. Kg2 Qd6 85. Kf1 Rba8 86. Kg2 Bc3 87. Bc1 Rb8 88. Nf2 Qc6 89. Qd3 Rb6 90. Kf3 Rab7 91. Nd1 Ba5 92. Nf2 Nd6 93. Kg2 Rb8 94. Qf3 Nf7 95. Qd3 Qa4 96. Qf3 Qc6 97. Qd3 R6b7 98. Kf1 Nd7 99. Qg3 Qd6 100. Qd3 Qc6 101. Qf3 Nf6 102. Qd3 1/2-1/2

[Event "Voronezh RUS"]
[Site "?"]
[Date "2006.06.21"]
[Round "9"]
[White "Chernyshov Konstantin"]
[Black "Lastin Alexander"]
[Result "1-0"]
[WhiteElo "2544"]
[BlackElo "2610"]
[PlyCount "83"]
[EventDate "2006.??.??"]
[Source "www.chesslib.no"]
[SourceDate "2004.05.04"]

1. e4 c6 2. Nc3 d5 3. Nf3 Bg4 4. h3 Bxf3 5. Qxf3 e6 6. d3 Nd7 7. Bd2 Bc5 8. Qg3 Qf6 9. h4 h6 10. h5 O-O-O 11. Be2 Ne7 12. f3 Bb6 13. O-O-O Rhg8 14. f4 Qd4 15. Qh4 Rge8 16. Bf3 Kb8 17. Kb1 Nc8 18. Qg3 Rg8 19. f5+ Bc7 20. Qh3 Rge8 21. fxe6 fxe6 22. Bg4 Nf6 23. Bxe6 dxe4 24. dxe4 Nxe4 25. Nxe4 Qxe4 26. Rde1 Qh7 27. Bf5 Qg8 28. Bc3 Nd6 29. Bd3 c5 30. a4 a6 31. Qg4 Qd5 32. Qxg7 Rxe1+ 33. Rxe1 Qxh5 34. Re7 c4 35. Bg6 Qc5 36. Bd4 Qc6 37. Be5 b5 38. Bh5 Rc8 39. Bf7 Qc5 40. Qxh6 Rd8 41. Qg7 Ne8 42. Qh7 1-0

[Event "Groningen"]
[Site "Groningen"]
[Date "1994.??.??"]
[Round "5"]
[White "Van der Wiel, John TH"]
[Black "Gulko, Boris F"]
[Result "1/2-1/2"]
[WhiteElo "2555"]
[BlackElo "2590"]
[PlyCount "34"]
[EventDate "1994.12.??"]
[Source "ChessBase"]

1. e4 c6 2. Nf3 d5 3. Nc3 Bg4 4. h3 Bxf3 5. Qxf3 Nf6 6. d3 e6 7. Bd2 Bb4 8. e5 Nfd7 9. Qg3 g6 10. O-O-O a6 11. h4 h5 12. f4 Qc7 13. Qe1 c5 14. g4 hxg4 15. Be2 Nc6 16. Bxg4 O-O-O 17. Kb1 Nb6 1/2-1/2

[Event "It (Open) Canada De Calatrava ESP"]
[Site "?"]
[Date "2006.04.16"]
[Round "7"]
[White "Munoz Pantoja Miguel"]
[Black "Dreev Alexey"]
[Result "1/2-1/2"]
[WhiteElo "2469"]
[BlackElo "2673"]
[PlyCount "68"]
[EventDate "2006.??.??"]
[Source "www.chesslib.no"]
[SourceDate "2004.05.04"]

1. e4 c6 2. Nc3 d5 3. Nf3 Bg4 4. Be2 e6 5. Ne5 Bxe2 6. Qxe2 Nd7 7. Nf3 Ngf6 8. O-O Bb4 9. e5 Ng8 10. Nd1 Ne7 11. d4 Nf5 12. Ne3 Nxe3 13. fxe3 f5 14. c4 Be7 15. Bd2 O-O 16. Ne1 Nb6 17. c5 Nc4 18. Bc3 b6 19. b3 Na3 20. Bb4 Nb5 21. a4 Nc7 22. Rc1 Ne8 23. Nd3 a5 24. Be1 Qb8 25. cxb6 Qxb6 26. Rc3 g5 27. Qc2 Ra6 28. Nc5 Ng7 29. Bd2 Rb8 30. Rb1 Rf8 31. Rf1 Rb8 32. Rb1 Rf8 33. Rf1 Rb8 34. Rb1 Rf8 1/2-1/2

[Event "Ciocaltea mem"]
[Site "Bucharest"]
[Date "2001.03.04"]
[Round "1"]
[White "Nevednichy, Vladislav"]
[Black "Iordachescu, Viorel"]
[Result "1/2-1/2"]
[WhiteElo "2563"]
[BlackElo "2578"]
[PlyCount "97"]
[EventDate "2001.03.04"]
[Source "ChessBase"]
[SourceDate "2001.05.17"]

1. e4 c6 2. Nc3 d5 3. Nf3 Bg4 4. h3 Bxf3 5. Qxf3 e6 6. d4 dxe4 7. Nxe4 Qxd4 8. Bd3 Nf6 9. c3 Qd8 10. O-O Nbd7 11. Bf4 Nxe4 12. Bxe4 Qb6 13. Qg3 Nf6 14. Bf3 Be7 15. Be3 Qa6 16. Qxg7 Rg8 17. Qh6 Rg6 18. Qh4 O-O-O 19. Rfd1 Nd5 20. Qxh7 Nxe3 21. fxe3 Rf8 22. Kh1 Qb5 23. Qh5 Bg5 24. Be4 Rh6 25. Qf3 Rf6 26. Qg3 Qc5 27. Rd4 Rh6 28. Rad1 Bh4 29. Qg7 Rhh8 30. R4d3 Be7 31. Bf3 Rhg8 32. Qd4 Rd8 33. Qf4 Rxd3 34. Rxd3 Rf8 35. e4 Qf2 36. Qe3 Qf1+ 37. Kh2 Rd8 38. Rxd8+ Bxd8 39. Qe2 Bc7+ 40. g3 Qxe2+ 41. Bxe2 Kd7 42. h4 Ke7 43. Kg2 f5 44. Kf3 Be5 45. Bd3 Kf6 46. exf5 exf5 47. g4 fxg4+ 48. Kxg4 b5 49. h5 1/2-1/2

[Event "World Cup"]
[Site "Khanty-Mansiysk RUS"]
[Date "2007.11.25"]
[Round "1.2"]
[White "Aderito, P."]
[Black "Ivanchuk, V."]
[Result "0-1"]
[WhiteElo "2352"]
[BlackElo "2787"]
[PlyCount "81"]
[EventDate "2007.11.24"]
[Source "www.chesslib.no"]
[SourceDate "2004.05.04"]

1. e4 c6 2. Nf3 d5 3. Nc3 Bg4 4. h3 Bxf3 5. Qxf3 Nf6 6. Be2 e6 7. O-O Nbd7 8. exd5 cxd5 9. d4 Be7 10. Bd3 O-O 11. a3 Rc8 12. Rd1 Re8 13. Bf4 Nb6 14. Ne2 Nc4 15. Bc1 a6 16. b3 Na5 17. Ng3 g6 18. Nf1 b5 19. Nd2 Qb6 20. Qe3 Nd7 21. Nf3 Bf6 22. Bb2 Nc6 23. Re1 Qc7 24. Ne5 Ncxe5 25. dxe5 Be7 26. Bd4 Bc5 27. h4 Qd8 28. g3 Bxd4 29. Qxd4 Nc5 30. Bf1 Ne4 31. Bd3 Nc5 32. Bf1 Ne4 33. a4 bxa4 34. Bxa6 Rxc2 35. Bd3 Rd2 36. Qe3 axb3 37. Bb5 b2 38. Rab1 Rxf2 39. Bxe8 Qxe8 40. Qd4 Rd2 41. Qb6 0-1

[Event "LXI Lega superiore camp. russo"]
[Site "Novokuznetsk RUS"]
[Date "2008.09.05"]
[Round "3"]
[White "Kornev, Alexei"]
[Black "Galkin, A."]
[Result "1/2-1/2"]
[WhiteElo "2523"]
[BlackElo "2615"]
[PlyCount "87"]
[EventDate "2008.09.03"]
[Source "www.chesslib.no"]
[SourceDate "2004.05.04"]

1. e4 c6 2. Nf3 d5 3. Nc3 Bg4 4. h3 Bxf3 5. Qxf3 e6 6. d3 Nd7 7. Bd2 g6 8. Qg3 Bg7 9. Be2 Ne7 10. h4 h5 11. O-O Qb8 12. Qxb8+ Rxb8 13. Rab1 O-O 14. Rfe1 Rbe8 15. Bf1 f5 16. exd5 exd5 17. Ne2 Kf7 18. Nf4 Bh6 19. g3 Ng8 20. Bb4 Rxe1 21. Rxe1 Rd8 22. Nh3 Re8 23. Ng5+ Bxg5 24. Rxe8 Kxe8 25. hxg5 Kf7 26. Bg2 Ne7 27. Kf1 Ke6 28. Ke2 Nc8 29. Bd2 Nd6 30. a4 b6 31. b3 a6 32. Bf4 b5 33. axb5 axb5 34. Bd2 Nf8 35. Be3 Kd7 36. b4 Ne6 37. c3 Nf7 38. f4 Nd6 39. Kd2 Kc7 40. Kc2 Kd7 41. Kd2 Kc7 42. Kc2 Kd7 43. Kd2 Kc7 44. Kc2 1/2-1/2

[Event "Nederland - Deutschland"]
[Site "?"]
[Date "2000.??.??"]
[Round "?"]
[White "Van der Wiel, J."]
[Black "Dautov, R."]
[Result "0-1"]
[WhiteElo "2530"]
[BlackElo "2605"]
[PlyCount "80"]
[EventDate "2000.??.??"]
[Source "Chess Informant"]
[SourceDate "2000.06.01"]

1. e4 c6 2. Nf3 d5 3. Nc3 Bg4 4. h3 Bxf3 5. Qxf3 e6 6. g3 Nf6 7. Bg2 Bc5 8. e5 Nfd7 9. Qg4 Nxe5 10. Qxg7 Ng6 11. Ne2 Nd7 12. O-O h5 13. Qc3 Qe7 14. Rb1 Bb4 15. Qe3 Bc5 16. d4 Bd6 17. b3 f5 18. c4 Nf6 19. c5 Bc7 20. b4 a6 21. a4 h4 22. b5 axb5 23. axb5 Kd7 24. Rb3 hxg3 25. fxg3 Ne4 26. Ra3 Qg7 27. Rxa8 Rxa8 28. Bxe4 dxe4 29. Bb2 Ne7 30. b6 Nd5 31. Qb3 Bb8 32. Kh2 Ra5 33. Bc1 Qf6 34. Bd2 Ra6 35. Bf4 Bxf4 36. Nxf4 Qxd4 37. Nxd5 Qd2+ 38. Kh1 Ra2 39. Nf6+ Ke7 40. Ng8+ Kf8 0-1

[Event "Camp. svizzero a sq. - Losanna-Lucerna"]
[Site "Svizzera"]
[Date "2008.09.06"]
[Round "6.1"]
[White "Chernuschevich, Alexei"]
[Black "Dautov, Rustem"]
[Result "1/2-1/2"]
[WhiteElo "2520"]
[BlackElo "2615"]
[PlyCount "29"]
[EventDate "2008.03.02"]
[Source "www.chesslib.no"]
[SourceDate "2004.05.04"]

1. e4 c6 2. Nf3 d5 3. Nc3 Bg4 4. h3 Bxf3 5. Qxf3 Nf6 6. g3 e6 7. Bg2 Nxe4 8. Nxe4 dxe4 9. Qxe4 Qd5 10. O-O Qxe4 11. Bxe4 Nd7 12. d4 Nf6 13. Bf3 O-O-O 14. c3 Be7 15. Bg5 1/2-1/2

[Event "4th Open A"]
[Site "Moscow RUS"]
[Date "2008.02.03"]
[Round "2"]
[White "Ponkratov, P."]
[Black "Motylev, A."]
[Result "1/2-1/2"]
[WhiteElo "2489"]
[BlackElo "2644"]
[PlyCount "34"]
[EventDate "2008.02.02"]
[Source "www.chesslib.no"]
[SourceDate "2004.05.04"]

1. e4 c6 2. Nc3 d5 3. Nf3 Bg4 4. h3 Bxf3 5. Qxf3 Nf6 6. g3 e6 7. Bg2 Bb4 8. O-O Qa5 9. e5 Nfd7 10. Qg4 Nxe5 11. Qxg7 Ng6 12. Ne2 Nd7 13. d3 h5 14. Nf4 Bf8 15. Qc3 Bb4 16. Qg7 Bf8 17. Qc3 Bb4 1/2-1/2

[Event "Bundesliga 0102"]
[Site "Germany"]
[Date "2002.04.27"]
[Round "14.3"]
[White "Hall, Jesper"]
[Black "Sadler, Matthew"]
[Result "1-0"]
[WhiteElo "2501"]
[BlackElo "2631"]
[PlyCount "119"]
[EventDate "2001.10.??"]
[Source "ChessBase"]
[SourceDate "2002.08.12"]

1. e4 c6 2. Nc3 d5 3. Nf3 Bg4 4. h3 Bxf3 5. Qxf3 Nf6 6. d3 e6 7. Bd2 Nbd7 8. g4 b5 9. g5 b4 10. Nd1 Ng8 11. Ne3 Bd6 12. h4 Ne7 13. h5 Rb8 14. Qg2 Be5 15. Rb1 Qc7 16. Be2 a5 17. Rh4 Rb6 18. Qh3 Bc3 19. g6 hxg6 20. hxg6 Rxh4 21. gxf7+ Kxf7 22. Qxh4 Nf6 23. bxc3 bxc3 24. Rxb6 cxd2+ 25. Kxd2 Qxb6 26. e5 Nd7 27. Bh5+ g6 28. Bxg6+ Nxg6 29. Qh7+ Kf8 30. Qxg6 Qb4+ 31. Ke2 Ke7 32. Qg7+ Kd8 33. Qg8+ Ke7 34. Qg5+ Ke8 35. Ng4 Qc3 36. Kd1 Qd4 37. Nf6+ Nxf6 38. Qxf6 Qg4+ 39. Kd2 c5 40. a3 a4 41. f3 Qg8 42. Kc3 Kd7 43. Qf4 d4+ 44. Kd2 Kc6 45. Qe4+ Kb6 46. Qg4 Qf7 47. f4 Kb5 48. Ke2 Qb7 49. Qf3 Qh7 50. Kd2 Kb6 51. Kc1 Qh4 52. Qe4 Qf2 53. Kb2 Qd2 54. Qg6 Qc3+ 55. Kb1 Qxa3 56. Qxe6+ Kc7 57. Qc4 Qb4+ 58. Ka2 Kd7 59. f5 a3 60. Qb3 1-0

[Event "Bundesliga 2002-3"]
[Site "Luebeck"]
[Date "2003.03.09"]
[Round "13"]
[White "Berg, Emanuel"]
[Black "Dautov, Rustem"]
[Result "1/2-1/2"]
[WhiteElo "2527"]
[BlackElo "2604"]
[PlyCount "34"]
[EventDate "2003.01.10"]
[Source "Roberto Alvarez"]
[SourceDate "2003.03.03"]

1. e4 c6 2. Nf3 d5 3. Nc3 Bg4 4. h3 Bxf3 5. Qxf3 e6 6. Be2 g6 7. h4 h5 8. d4 Bh6 9. Be3 Nd7 10. O-O-O Ndf6 11. e5 Ng4 12. Bxh6 N8xh6 13. Qf4 f6 14. Bxg4 Nxg4 15. Qg3 Kf7 16. Rhe1 fxe5 17. dxe5 Qe7 1/2-1/2

[Event "Bundesliga 9697"]
[Site "Germany"]
[Date "1997.??.??"]
[Round "?.1"]
[White "Conquest, Stuart"]
[Black "Dautov, Rustem"]
[Result "1-0"]
[WhiteElo "2540"]
[BlackElo "2590"]
[PlyCount "91"]
[EventDate "1996.10.??"]
[Source "ChessBase"]
[SourceDate "1999.07.01"]

1. e4 c6 2. Nc3 d5 3. Nf3 Bg4 4. h3 Bxf3 5. Qxf3 Nf6 6. Be2 e6 7. O-O Bc5 8. d3 O-O 9. Qg3 Nbd7 10. Kh1 Bd4 11. Bh6 Ne8 12. Bg5 f6 13. Bd2 f5 14. exf5 exf5 15. Rae1 Be5 16. f4 Bd4 17. Bf3 Nd6 18. Qh2 Rf6 19. b3 Rh6 20. Ne2 Bb6 21. Bc3 Nb5 22. Bb2 Qh4 23. c4 dxc4 24. bxc4 Nd6 25. Nd4 Nc5 26. Be2 Ne6 27. Nf3 Qd8 28. Bd1 Nf7 29. Bb3 Qxd3 30. c5 Ba5 31. Rd1 Qe3 32. Ng5 Re8 33. Nxe6 Rhxe6 34. Bxe6 Rxe6 35. Bd4 Qe4 36. Qg3 Rg6 37. Qf3 Qc2 38. Rf2 Qc4 39. Qe2 Qe6 40. Rb1 h6 41. Rxb7 Be1 42. Re7 Qd5 43. Qxe1 Qxd4 44. Qe3 Qd1+ 45. Kh2 a5 46. Qb3 1-0

[Event "Gibraltar Masters"]
[Site "Catalan Bay"]
[Date "2004.02.03"]
[Round "8"]
[White "Bakre, Tejas"]
[Black "Dreev, Alexey"]
[Result "0-1"]
[WhiteElo "2446"]
[BlackElo "2682"]
[PlyCount "85"]
[EventDate "2004.01.27"]
[Source "Roberto Alvarez"]
[SourceDate "2004.02.09"]

1. e4 c6 2. Nc3 d5 3. Nf3 Bg4 4. h3 Bxf3 5. Qxf3 e6 6. g3 Nd7 7. d4 Qb6 8. Ne2 dxe4 9. Qxe4 Ngf6 10. Qf3 e5 11. Qb3 exd4 12. Qxb6 Nxb6 13. Nxd4 O-O-O 14. Nb3 h5 15. Be2 h4 16. Kf1 hxg3 17. fxg3 Re8 18. Bd3 Nbd5 19. Kg2 Nb4 20. Bf5+ Kc7 21. Bf4+ Bd6 22. Bxd6+ Kxd6 23. Rae1 g6 24. a3 Nbd5 25. Bd3 Nd7 26. Nd2 Ne5 27. Bc4 f5 28. Bb3 b5 29. Rhf1 Re7 30. Bxd5 cxd5 31. Nb3 Rhe8 32. Nd4 Nc4 33. Rxe7 Rxe7 34. Kf2 Nxb2 35. Nxb5+ Kc5 36. Nc3 Nc4 37. Rd1 Rd7 38. Rd3 Nxa3 39. Nxd5 Nxc2 40. Nf4 Rxd3 41. Nxd3+ Kd6 42. h4 a5 43. Nb2 0-1

[Event "Beer Sheva g/30'"]
[Site "Beer Sheva"]
[Date "2004.04.19"]
[Round "6"]
[White "Dvoirys, Semen I"]
[Black "Erenburg, Sergey"]
[Result "1-0"]
[WhiteElo "2612"]
[BlackElo "2513"]
[PlyCount "109"]
[EventDate "2004.04.18"]
[Source "ChessBase"]
[SourceDate "2004.07.27"]

1. e4 c6 2. Nc3 d5 3. Nf3 Bg4 4. d3 e6 5. Be2 Nd7 6. O-O Bd6 7. Ng5 Bxe2 8. Qxe2 h6 9. Nf3 Ne7 10. Bd2 O-O 11. g3 c5 12. Nh4 Qb6 13. Kg2 Rae8 14. f4 Nc6 15. b3 Nd4 16. Qd1 Be7 17. Nf3 Nxf3 18. Qxf3 dxe4 19. dxe4 Rd8 20. Rad1 Nb8 21. Na4 Qc7 22. c4 Nc6 23. Bc3 Rxd1 24. Rxd1 Rd8 25. Nb2 Rxd1 26. Qxd1 Qd8 27. Nd3 Bf6 28. e5 Be7 29. Qf3 Qd7 30. Qe4 Nd8 31. g4 Qc6 32. Kf3 Qxe4+ 33. Kxe4 b6 34. f5 Nc6 35. Nf4 Nd8 36. Be1 Bg5 37. Nd3 Kf8 38. h4 Be7 39. Nf4 Ke8 40. Nh5 Bf8 41. Bd2 exf5+ 42. gxf5 Nc6 43. Bc3 Kd7 44. Nf4 Nd8 45. Kd5 Nc6 46. e6+ fxe6+ 47. fxe6+ Kc7 48. Ng6 Ne7+ 49. Nxe7 Bxe7 50. Bxg7 Bxh4 51. Bxh6 Be7 52. Bf4+ Kc8 53. Bd6 Bf6 54. Kc6 Kd8 55. Kb7 1-0

[Event "Nagykanizsa 1st"]
[Site "Nagykanizsa"]
[Date "2003.11.14"]
[Round "10"]
[White "Nevednichy, Vladislav"]
[Black "Timoshenko, Georgy"]
[Result "1/2-1/2"]
[WhiteElo "2575"]
[BlackElo "2548"]
[PlyCount "34"]
[EventDate "2003.11.05"]
[Source "ChessBase"]
[SourceDate "2004.03.30"]

1. e4 c6 2. Nc3 d5 3. Nf3 Bg4 4. h3 Bxf3 5. Qxf3 Nf6 6. d3 e6 7. Bd2 Nbd7 8. g4 h6 9. O-O-O Bb4 10. h4 d4 11. Ne2 Bxd2+ 12. Rxd2 Qa5 13. a3 O-O-O 14. Qg3 Nc5 15. Bh3 Ne8 16. Rdd1 g5 17. f4 f6 1/2-1/2

[Event "RUS-ch 54th"]
[Site "Elista"]
[Date "2001.05.08"]
[Round "8"]
[White "Chernyshov, Konstantin"]
[Black "Galkin, Alexander"]
[Result "1/2-1/2"]
[WhiteElo "2536"]
[BlackElo "2584"]
[PlyCount "25"]
[EventDate "2001.04.29"]
[Source "ChessBase"]
[SourceDate "2001.07.05"]

1. e4 c6 2. Nf3 d5 3. Nc3 Bg4 4. h3 Bxf3 5. Qxf3 e6 6. g3 Nf6 7. Bg2 dxe4 8. Nxe4 Nxe4 9. Qxe4 Nd7 10. b4 Nf6 11. Qc4 a6 12. Bb2 Be7 13. a4 1/2-1/2

[Event "XXIV ECC"]
[Site "Kallithea GRE"]
[Date "2008.10.22"]
[Round "6"]
[White "Galkin, A."]
[Black "Hausrath, D."]
[Result "0-1"]
[WhiteElo "2624"]
[BlackElo "2493"]
[PlyCount "40"]
[EventDate "2008.10.17"]
[Source "www.chesslib.no"]
[SourceDate "2004.05.04"]

1. e4 c6 2. Nc3 d5 3. Nf3 Bg4 4. h3 Bxf3 5. Qxf3 e6 6. d3 Nf6 7. Bd2 Nbd7 8. g4 h6 9. h4 Qb6 10. Be2 Qxb2 11. Rb1 dxe4 12. dxe4 Qxc2 13. Bd1 Ne5 14. Qg3 Qd3 15. Rh3 O-O-O 16. Bf4 Qxg3 17. Bxg3 Nd3+ 18. Kf1 Bb4 19. e5 Bxc3 20. exf6 Bxf6 0-1

[Event "It (open)"]
[Site "?"]
[Date "2005.01.14"]
[Round "8"]
[White "Khamrakulov Ibragim S"]
[Black "Epishin Vladimir"]
[Result "1/2-1/2"]
[WhiteElo "2501"]
[BlackElo "2614"]
[PlyCount "39"]
[EventDate "2005.??.??"]
[Source "www.chesslib.no"]
[SourceDate "2004.05.04"]

1. e4 c6 2. Nf3 d5 3. Nc3 Bg4 4. h3 Bxf3 5. Qxf3 e6 6. g3 dxe4 7. Qxe4 Nd7 8. Bg2 g6 9. Rb1 Ngf6 10. Qe2 Bg7 11. b4 O-O 12. O-O Nd5 13. Nd1 Qc7 14. Bb2 Bxb2 15. Rxb2 Rad8 16. Ne3 a6 17. a4 Qe5 18. Rb3 N7f6 19. Re1 Nxe3 20. Qxe3 1/2-1/2

[Event "Bundesliga 0001"]
[Site "Germany"]
[Date "2001.04.01"]
[Round "13.1"]
[White "Feygin, Michail"]
[Black "Khenkin, Igor"]
[Result "1/2-1/2"]
[WhiteElo "2482"]
[BlackElo "2633"]
[PlyCount "24"]
[EventDate "2000.10.14"]
[Source "ChessBase"]
[SourceDate "2001.07.03"]

1. e4 c6 2. Nc3 d5 3. Nf3 Bg4 4. h3 Bxf3 5. Qxf3 Nf6 6. g3 e6 7. Bg2 Nbd7 8. O-O Bb4 9. exd5 cxd5 10. Ne2 O-O 11. c3 Bd6 12. Nd4 Ne5 1/2-1/2

[Event "TCh-GRE"]
[Site "Aghia Pelagia"]
[Date "2004.07.11"]
[Round "9"]
[White "Georgiev, Krum"]
[Black "Graf, Alexander"]
[Result "1/2-1/2"]
[WhiteElo "2449"]
[BlackElo "2661"]
[PlyCount "115"]
[EventDate "2004.07.04"]
[Source "Roberto Alvarez"]
[SourceDate "2004.07.12"]

1. e4 c6 2. Nc3 d5 3. Nf3 Bg4 4. Be2 e6 5. d4 Nf6 6. e5 Bxf3 7. exf6 Bxe2 8. fxg7 Bxg7 9. Nxe2 Nd7 10. O-O h5 11. c3 h4 12. Re1 Qf6 13. Bf4 Bh6 14. Bc7 Rc8 15. Bd6 Qf5 16. Nc1 Rg8 17. Nd3 Nf6 18. f3 Nh5 19. Re5 Qg6 20. Re2 Rd8 21. Bc7 Rc8 22. Bd6 Rd8 23. Bc7 Rd7 24. Bb8 Qf5 25. Re5 Qh3 26. Re2 Rd8 27. Bg3 Nxg3 28. gxh3 Nxe2+ 29. Kh1 Rg1+ 30. Qxg1 Nxg1 31. Rxg1 Ke7 32. Rg4 Rh8 33. Kg2 f6 34. f4 Kf7 35. Kf3 Bf8 36. Ne1 Be7 37. Ke3 f5 38. Rg2 Rg8 39. Rxg8 Kxg8 40. Nd3 Kf7 41. Kd2 Bd6 42. b3 b6 43. Ke3 Ke7 44. Ne1 Kd7 45. Nf3 Be7 46. Ne5+ Kc7 47. Nf3 Bf6 48. Kd2 Kd6 49. Kc2 c5 50. b4 Kc6 51. a4 a6 52. Kb3 Be7 53. Ne5+ Kc7 54. b5 axb5 55. axb5 Bd6 56. Kc2 cxd4 57. cxd4 Bxe5 58. dxe5 1/2-1/2

[Event "Hastings 8182"]
[Site "Hastings"]
[Date "1981.??.??"]
[Round "1"]
[White "Smyslov, Vassily"]
[Black "Chandler, Murray G"]
[Result "1/2-1/2"]
[WhiteElo "2580"]
[BlackElo "2530"]
[PlyCount "76"]
[EventDate "1981.12.??"]
[Source "ChessBase"]

1. e4 c6 2. Nc3 d5 3. Nf3 Bg4 4. h3 Bxf3 5. Qxf3 e6 6. d4 dxe4 7. Qxe4 Nf6 8. Qd3 Nbd7 9. Be2 Qc7 10. O-O Bd6 11. Ne4 Bh2+ 12. Kh1 Bf4 13. Nd2 O-O 14. g3 Bh6 15. f4 Rad8 16. Qf3 Nd5 17. c4 Ne7 18. Nb3 c5 19. dxc5 e5 20. Be3 Nf5 21. Bf2 exf4 22. gxf4 Bxf4 23. Rad1 Ng3+ 24. Bxg3 Bxg3 25. Nd4 Nxc5 26. b4 Ne6 27. Nxe6 fxe6 28. Rxd8 Rxd8 29. c5 Be5 30. Bc4 g6 31. Bxe6+ Kh8 32. Bd5 b6 33. Qe4 Bg7 34. c6 Qd6 35. Qe6 Qg3 36. Rf3 Qg5 37. Re3 Rf8 38. Re1 Qg3 1/2-1/2

[Event "Novi Sad ol (Men)"]
[Site "Novi Sad YUG"]
[Date "1990.??.??"]
[Round "10"]
[White "Van der Wiel, John T H"]
[Black "Groszpeter, Attila"]
[Result "1/2-1/2"]
[WhiteElo "2550"]
[BlackElo "2555"]
[PlyCount "73"]
[EventDate "1990.11.??"]
[Source "www.chesslib.no"]
[SourceDate "2004.05.04"]

1. e4 c6 2. Nc3 d5 3. Nf3 Bg4 4. h3 Bxf3 5. Qxf3 e6 6. g3 Nf6 7. Bg2 Nbd7 8. d4 dxe4 9. Nxe4 Nxe4 10. Qxe4 Nf6 11. Qd3 Be7 12. O-O O-O 13. Rd1 Qb6 14. c4 Rad8 15. Be3 e5 16. dxe5 Rxd3 17. Bxb6 Rxd1+ 18. Rxd1 axb6 19. exf6 Bxf6 20. Rd7 Rb8 21. b4 Kf8 22. b5 cxb5 23. cxb5 Ke8 24. Rc7 Be5 25. Rc4 Bd6 26. Bd5 Bc5 27. a4 Ke7 28. Kg2 Kd6 29. Bf3 g6 30. Rh4 h5 31. g4 hxg4 32. hxg4 Ke6 33. Rh1 Rd8 34. Re1+ Kf6 35. g5+ Kf5 36. Be4+ Kf4 37. Bxb7 1/2-1/2